Rotator Cuff Tear (Запис № 447565)

МАРК-запис
000 -LEADER
fixed length control field 05873nam a22005655i 4500
001 - CONTROL NUMBER
control field 978-3-319-33355-7
003 - CONTROL NUMBER IDENTIFIER
control field DE-He213
005 - DATE AND TIME OF LATEST TRANSACTION
control field 20210118130833.0
007 - PHYSICAL DESCRIPTION FIXED FIELD--GENERAL INFORMATION
fixed length control field cr nn 008mamaa
008 - FIXED-LENGTH DATA ELEMENTS--GENERAL INFORMATION
fixed length control field 161114s2017 gw | s |||| 0|eng d
020 ## - INTERNATIONAL STANDARD BOOK NUMBER
International Standard Book Number 9783319333557
-- 978-3-319-33355-7
024 7# - OTHER STANDARD IDENTIFIER
Standard number or code 10.1007/978-3-319-33355-7
Source of number or code doi
050 #4 - LIBRARY OF CONGRESS CALL NUMBER
Classification number RD701-811
072 #7 - SUBJECT CATEGORY CODE
Subject category code MNS
Source bicssc
072 #7 - SUBJECT CATEGORY CODE
Subject category code MED065000
Source bisacsh
072 #7 - SUBJECT CATEGORY CODE
Subject category code MNS
Source thema
072 #7 - SUBJECT CATEGORY CODE
Subject category code MN
Source thema
082 04 - DEWEY DECIMAL CLASSIFICATION NUMBER
Classification number 617.47
Edition number 23
245 10 - TITLE STATEMENT
Title Rotator Cuff Tear
Medium [electronic resource] :
Remainder of title Pathogenesis, Evaluation and Treatment /
Statement of responsibility, etc edited by Stefano Gumina.
250 ## - EDITION STATEMENT
Edition statement 1st ed. 2017.
264 #1 -
-- Cham :
-- Springer International Publishing :
-- Imprint: Springer,
-- 2017.
300 ## - PHYSICAL DESCRIPTION
Extent XXI, 438 p. 374 illus., 310 illus. in color.
Other physical details online resource.
336 ## -
-- text
-- txt
-- rdacontent
337 ## -
-- computer
-- c
-- rdamedia
338 ## -
-- online resource
-- cr
-- rdacarrier
347 ## -
-- text file
-- PDF
-- rda
505 0# - FORMATTED CONTENTS NOTE
Formatted contents note Section 1-Basic Science:1 History of shoulder pain and rotator cuff pathology. - 2 Subacromial space and rotator cuff anatomy -- 3 Rotator cuff -- 4 Epidemiology and demographics of the rotator cuff tear -- Section 2- Etiopathogenesis of the cuff tear: 5 Intrinsic factors (Physiologic degeneration – Aging- Smoking habit-Blood hypertension- Obesity, Hypercholesterolemia, and Diabetes – Genetics- Alchool assumption) -- 6 Extrinsic factors (Subacromial impingement - Acromioclavicular joint degeneration- Thoracic hyperkyphosis - Subcoracoid impingement - Other causes: pigmented villonodular synovitis) -- 7 Antropometrics aspects of the patients with rotator cuff tear -- Section 3-clinical and instrumental evaluation: 8 Classification -- 9 Shoulder Pain intensity and distribution,- 10 Clinical evaluation -- 11 Shoulder pain due to visceral pathologies and cervical spine disorders -- 12 Instrumental evaluation (X-Ray and MRI- Arthro CT- Ultrasound evaluation) -- Section 4- cuff tear treatment: -- 13 Natural history -- 14 The possible role of the transcription factor NF-kB on evolution of rotator cuff tear and on mechanisms of cuff tendon healing -- 15 Conservative treatment -- 16 Operating room setting -- 17 Anesthesiological techniques -- 18 Treatment of the partial tears -- 19 Treatment of the reparable postero-superior lesions (Arthroscopic repair- single row and double row repair technique - Suture Bridge and Transosseous Techniques- Open technique) -- 20 Treatment of the unreparable massive rotator cuff tear (Arthroscopic debridement-Margin Convergence- Interval slide- Partial repair- Subacromial Biodegradable Spacer- Tuberoplasty- Suprascapular nerve in association with irreparable tears- Augmentation with patches- Transfer of muscular tendineous units- Latissimus dorsi- Teres major- Pectoralis major for isolated subscapularis tear- Biceps Tenodesis Augmenting Repair) -- 21 Subscapularis tear: intraoperative evaluation and treatment -- 22 Stem cells and PRP in rotator cuff healing -- 23 Rehabilitation -- Section 5-cuff tear arthropathy -- 24 Etiopathogenesis -- 25 Arthroscopic debridement -- 26 Reverse Shoulder Arthroplasty: evolution in design, indications, surgical technique, and associated complications -- 27 Nanostructures.
520 ## - SUMMARY, ETC.
Summary, etc This handbook provides detailed, state of the art information on simple and complex rotator cuff tears that will be of value in daily clinical practice. It covers all relevant aspects, including basic science, pathogenesis, clinical and instrumental evaluation, and treatment techniques. Drawing on the results of recent studies, the book will enable the reader to better understand how tears occur and what treatment should be employed in different circumstances. Rotator cuff tear has always attracted great interest because it may cause shoulder pain, loss of strength, simple or complex disabilities, and partial or total inability to work, reducing quality of life. The goals of cuff repair are to restore footprint anatomy with biomechanically secure, tension-free construction that promotes biological healing at the tendon-to-bone interface. Even today, there is cause for discussion about when and how to perform surgical repair and on what to do in cases of irreparable rupture. This book casts light on such issues. It is especially designed for shoulder surgeons and rehabilitation specialists and will also be of value for residents and shoulder fellows.
506 ## - RESTRICTIONS ON ACCESS NOTE
Terms governing access Available to subscribing member institutions only. Доступно лише організаціям членам підписки.
506 ## - RESTRICTIONS ON ACCESS NOTE
Standardized terminology for access restriction Online access from local network of NaUOA.
506 ## - RESTRICTIONS ON ACCESS NOTE
Standardized terminology for access restriction Online access with authorization at https://link.springer.com/
506 ## - RESTRICTIONS ON ACCESS NOTE
Standardized terminology for access restriction Онлайн-доступ з локальної мережі НаУОА.
506 ## - RESTRICTIONS ON ACCESS NOTE
Standardized terminology for access restriction Онлайн доступ з авторизацією на https://link.springer.com/
650 #0 - SUBJECT ADDED ENTRY--TOPICAL TERM
Topical term or geographic name as entry element Orthopedics.
650 #0 - SUBJECT ADDED ENTRY--TOPICAL TERM
Topical term or geographic name as entry element Rehabilitation.
650 14 - SUBJECT ADDED ENTRY--TOPICAL TERM
Topical term or geographic name as entry element Surgical Orthopedics.
-- http://scigraph.springernature.com/things/product-market-codes/H45027
650 24 - SUBJECT ADDED ENTRY--TOPICAL TERM
Topical term or geographic name as entry element Conservative Orthopedics.
-- http://scigraph.springernature.com/things/product-market-codes/H45019
650 24 - SUBJECT ADDED ENTRY--TOPICAL TERM
Topical term or geographic name as entry element Rehabilitation.
-- http://scigraph.springernature.com/things/product-market-codes/H55006
700 1# - ADDED ENTRY--PERSONAL NAME
Personal name Gumina, Stefano.
Relator term editor.
Relator code edt
-- http://id.loc.gov/vocabulary/relators/edt
710 2# - ADDED ENTRY--CORPORATE NAME
Corporate name or jurisdiction name as entry element SpringerLink (Online service)
773 0# - HOST ITEM ENTRY
Title Springer eBooks
776 08 - ADDITIONAL PHYSICAL FORM ENTRY
Display text Printed edition:
International Standard Book Number 9783319333540
776 08 - ADDITIONAL PHYSICAL FORM ENTRY
Display text Printed edition:
International Standard Book Number 9783319333564
776 08 - ADDITIONAL PHYSICAL FORM ENTRY
Display text Printed edition:
International Standard Book Number 9783319814926
856 40 - ELECTRONIC LOCATION AND ACCESS
Uniform Resource Identifier <a href="https://doi.org/10.1007/978-3-319-33355-7">https://doi.org/10.1007/978-3-319-33355-7</a>
912 ## -
-- ZDB-2-SME
942 ## - ADDED ENTRY ELEMENTS (KOHA)
Koha item type ЕКнига

Немає доступних примірників.